[Event "IECC M email"]
[Site "IECC email"]
[Date "2000.11.29"]
[Round "?"]
[White "Mierzwa, Leszek"]
[Black "Nagy, Jeffrey"]
[Result "1-0"]
[WhiteElo "1057"]
[BlackElo "1000"]
[PlyCount "31"]
[EventDate "2000.??.??"]
[EventType "tourn (corr)"]
[EventRounds "2"]
[SourceTitle "Corr 2008"]
[Source "ChessBase"]
[SourceDate "2008.06.24"]
[SourceVersion "1"]
[SourceVersionDate "2008.06.24"]
[SourceQuality "1"]

1. e4 e5 2. Nf3 Nc6 3. Nc3 Bc5 4. Bc4 Nf6 5. Ng5 0-0 6. d3 h6 7. Nf3 Ng4 8. 0-0 d6 9. Nd5 Be6 10. h3 Nf6 11. Be3 Nd4 12. c3 Nxf3+ 13. Qxf3 c6 14. Nxf6+ gxf6 15. Bxh6 Re8 16. Qg3+ 1-0